Coldest Countries A-Z - Statistics

General Stats
  • This quiz has been taken 129 times
    115 since last reset
  • The average score is 21 of 24
Answer Stats
Letter °C Country °F % Correct
R -3.8 Russia 25.2
97%
D 8.7 Denmark 47.7
96%
I 2.3 Iceland 36.1
96%
Q 28.1 Qatar 82.6
96%
U 9.3 United States 48.7
96%
C -4.5 Canada 23.9
95%
F 2.6 Finland 36.7
95%
N 2.7 Norway 36.9
95%
O 27.8 Oman 82.0
95%
S 3.4 Sweden 38.0
95%
Y 26.1 Yemen 79.0
93%
Z 22.0 Zimbabwe 71.6
93%
J 12.4 Japan 54.3
92%
E 6.4 Estonia 43.4
87%
L 6.9 Latvia 44.3
87%
H 11.3 Hungary 52.4
86%
M 0.8 Mongolia 33.4
82%
P 8.8 Poland 47.9
81%
K 2.8 Kyrgyzstan 37.0
75%
V 24.8 Vanuatu 76.6
75%
A 7.6 Austria 45.6
70%
T 2.6 Tajikistan 36.7
66%
G 8.1 Georgia 46.6
60%
B 5.7 Bhutan 42.3
56%
No matching quizzes found
Score Distribution
Percent of People with Each Score
Percentile by Number Answered
Your Score History
You have not taken this quiz since the last reset